000
00282nam a22000977a 4500
082
_a
621.3815 MEA'H
245
_a
MEASURMENT COMPUTATION SYSTEM,FOR SCIENCE ENGINEERING BUSINESS INDUSTRY EDUCATION AND MEDICINE
260
_a
USA
_b
HEWLETT PACKARD
_c
1986
300
_a
808P
942
_c
BK
999
_c
585285
_d
585285